[Event "Polanica Zdroj op-C 58th"]
[Site "Polanica Zdroj"]
[Date "2022.08.16"]
[Round "4"]
[White "Zowada, Kazimierz"]
[Black "Mazalon, Mariusz"]
[Result "1/2-1/2"]
[WhiteElo "2041"]
[BlackElo "1994"]
[PlyCount "87"]
[EventDate "2022.08.13"]
[EventType "swiss"]
[EventRounds "9"]
[EventCountry "POL"]
[SourceTitle "CBM 210 Extra"]
[Source "ChessBase"]
[SourceDate "2022.11.30"]
[SourceVersion "1"]
[SourceVersionDate "2022.11.30"]
[SourceQuality "1"]

1. d4 Nf6 2. Bg5 e6 3. e4 h6 4. Bxf6 Qxf6 5. Nf3 b6 6. Bd3 Bb7 7. 0-0 g6 8. Qe2 d6 9. c4 Bg7 10. Nc3 0-0 11. Rad1 Nd7 12. Bc2 Qe7 13. Rfe1 a6 14. Qe3 c6 15. e5 d5 16. cxd5 cxd5 17. h4 Rfc8 18. h5 g5 19. Nh2 b5 20. Qd3 Nf8 21. Rd2 Rc7 22. Qg3 Rac8 23. a3 f5 24. exf6 Qxf6 25. Ng4 Qf4 26. Qxf4 gxf4 27. Bd1 Bc6 28. Ne5 Be8 29. Bg4 a5 30. Ng6 Bxg6 31. hxg6 b4 32. axb4 axb4 33. Na4 Rc1 34. Kf1 Rxe1+ 35. Kxe1 Rc4 36. Nc5 Rxd4 37. Rxd4 Bxd4 38. Nxe6 Bxb2 39. Nxf4 Kg7 40. Bf5 Kf6 41. g4 Kg5 42. Nxd5 Nxg6 43. Kd2 b3 44. f3 1/2-1/2

[Event "Rubinstein Memorial op-C 57th"]
[Site "Polanica Zdroj"]
[Date "2021.08.21"]
[Round "8"]
[White "Mazalon, Mariusz"]
[Black "Zowada, Kazimierz"]
[Result "1/2-1/2"]
[WhiteElo "2014"]
[BlackElo "2029"]
[PlyCount "50"]
[EventDate "2021.08.14"]
[EventType "swiss"]
[EventRounds "9"]
[EventCountry "POL"]
[SourceTitle "EXT 2023"]
[Source "ChessBase"]
[SourceDate "2022.10.05"]
[SourceVersion "1"]
[SourceVersionDate "2022.10.05"]
[SourceQuality "1"]

1. d4 Nf6 2. c4 d6 3. Nf3 c6 4. Nc3 Nbd7 5. e4 e5 6. Be2 Be7 7. 0-0 0-0 8. Re1 Re8 9. Bf1 Bf8 10. Rb1 a5 11. a3 exd4 12. Nxd4 Nc5 13. f3 a4 14. Be3 g6 15. Nc2 Qa5 16. Bf2 Nfd7 17. Ne3 Ne5 18. f4 Ned7 19. Qf3 Nf6 20. Nc2 Bg4 21. Qg3 h5 22. h3 Ncxe4 23. Nxe4 Nxe4 24. Rxe4 Rxe4 25. hxg4 Ree8 1/2-1/2

[Event "Rubinstein Memorial op-C 57th"]
[Site "Polanica Zdroj"]
[Date "2021.08.20"]
[Round "7"]
[White "Zowada, Kazimierz"]
[Black "Szylko, Waldemar"]
[Result "1/2-1/2"]
[WhiteElo "2029"]
[BlackElo "1919"]
[PlyCount "90"]
[EventDate "2021.08.14"]
[EventType "swiss"]
[EventRounds "9"]
[EventCountry "POL"]
[SourceTitle "EXT 2023"]
[Source "ChessBase"]
[SourceDate "2022.10.05"]
[SourceVersion "1"]
[SourceVersionDate "2022.10.05"]
[SourceQuality "1"]

1. Nf3 c6 2. d4 f5 3. g3 Nf6 4. Bg2 e6 5. 0-0 d5 6. b3 Nbd7 7. Bb2 Be7 8. c4 0-0 9. Ng5 Nb8 10. Nd2 Ng4 11. Nh3 Nd7 12. Nf4 Ndf6 13. h3 Nh6 14. Nf3 Nf7 15. Ne5 Nxe5 16. dxe5 Ne4 17. Kh2 g5 18. Nd3 Bd7 19. Rc1 Rc8 20. Rc2 Nc5 21. f3 Be8 22. Bd4 Nxd3 23. Qxd3 c5 24. Bf2 f4 25. Rd2 Bg6 26. e4 dxe4 27. fxe4 f3 28. Bh1 Qxd3 29. Rxd3 Bxe4 30. Rd7 Rf7 31. g4 Bc6 32. Rd3 Rcf8 33. Kg3 Kg7 34. a3 b6 35. Be3 Kg6 36. Bd2 Rd8 37. Rxd8 Bxd8 38. Bxf3 Bc7 39. Bc3 Bxf3 40. Rxf3 Rxf3+ 41. Kxf3 Kf7 42. Ke4 Ke8 43. b4 Kd7 44. Bd2 Bd8 45. Be3 Kc6 1/2-1/2

[Event "Katowice POL-HUN 9th"]
[Site "Katowice"]
[Date "2021.07.03"]
[Round "3"]
[White "Zowada, Kazimierz"]
[Black "Gumularz, Szymon"]
[Result "0-1"]
[WhiteElo "2029"]
[BlackElo "2515"]
[PlyCount "98"]
[EventDate "2021.07.03"]
[EventType "swiss (rapid)"]
[EventRounds "9"]
[EventCountry "POL"]
[SourceTitle "CBM 203 Extra"]
[Source "ChessBase"]
[SourceDate "2021.09.30"]
[SourceVersion "1"]
[SourceVersionDate "2021.09.30"]
[SourceQuality "1"]

1. d4 g6 2. Nf3 Bg7 3. Bf4 Nf6 4. e3 c5 5. c3 b6 6. Nbd2 Bb7 7. h3 0-0 8. Be2 d6 9. 0-0 Nbd7 10. Re1 Re8 11. Qb3 e5 12. Bg3 e4 13. Nh2 d5 14. f3 exf3 15. Bxf3 h5 16. Bd6 Re6 17. dxc5 Nxc5 18. Bxc5 bxc5 19. c4 Rb8 20. Qa3 Qe7 21. Nhf1 Ba8 22. Rad1 Bh6 23. Nb3 dxc4 24. Nxc5 Bxf3 25. gxf3 Rc6 26. Nd7 Qxa3 27. Nxf6+ Rxf6 28. bxa3 Rxf3 29. Kg2 Rf6 30. Re2 Ra6 31. Rc1 Rc8 32. Nd2 Rxa3 33. Nxc4 Rxe3 34. Nxe3 Rxc1 35. Nd5 Rd1 36. Ne7+ Kg7 37. Nc6 a6 38. Nb4 a5 39. Nc2 Rd2 40. Kf3 Rxe2 41. Kxe2 Bf4 42. a4 f5 43. Nd4 Kf6 44. Kd3 g5 45. Nc6 Bc7 46. Ke3 g4 47. hxg4 fxg4 48. Kf2 h4 49. Kg2 h3+ 0-1

[Event "Rubinstein Memorial-B 54th"]
[Site "Polanica Zdroj"]
[Date "2018.08.20"]
[Round "3"]
[White "Zowada, Kazimierz"]
[Black "Kawula, Andrzej"]
[Result "0-1"]
[WhiteElo "2078"]
[BlackElo "1838"]
[PlyCount "66"]
[EventDate "2018.08.18"]
[EventType "swiss"]
[EventRounds "9"]
[EventCountry "POL"]
[SourceTitle "EXT 2020"]
[Source "ChessBase"]
[SourceDate "2019.10.17"]
[SourceVersion "1"]
[SourceVersionDate "2019.10.17"]
[SourceQuality "1"]

1. d4 e6 2. e3 d5 3. Bd3 c5 4. c3 Nc6 5. f4 f5 6. Nf3 Nf6 7. Nbd2 Be7 8. Ne5 Nxe5 9. dxe5 Ne4 10. Bxe4 fxe4 11. c4 0-0 12. 0-0 b6 13. Qc2 Bb7 14. Rd1 Qe8 15. Nf1 d4 16. g4 Qg6 17. Qg2 Rad8 18. h3 Rd7 19. Ng3 Bh4 20. Ne2 Rfd8 21. b3 Qf7 22. Kh2 g5 23. Rf1 d3 24. Nc3 gxf4 25. Rxf4 Qg7 26. Bb2 Bg5 27. Qg3 Bxf4 28. exf4 d2 29. Rd1 Rd3 30. Qg2 Qf7 31. Ne2 Rf3 32. f5 e3 33. fxe6 Qe7 0-1

[Event "Katowice POL-HUN 3rd"]
[Site "Katowice"]
[Date "2015.03.22"]
[Round "6"]
[White "Zowada, Kazimierz"]
[Black "Przybylski, Wojciech"]
[Result "0-1"]
[WhiteElo "2061"]
[BlackElo "2378"]
[PlyCount "78"]
[EventDate "2015.03.21"]
[EventType "swiss (rapid)"]
[EventRounds "9"]
[EventCountry "POL"]
[SourceTitle "CBM 165 Extra"]
[Source "ChessBase"]
[SourceDate "2015.04.21"]
[SourceVersion "1"]
[SourceVersionDate "2015.04.21"]
[SourceQuality "1"]

1. d4 d5 2. Nf3 Nf6 3. c4 c6 4. Nc3 e6 5. e3 Nbd7 6. Qc2 Bd6 7. cxd5 exd5 8. Bd3 0-0 9. 0-0 Re8 10. a3 Nf8 11. h3 Ng6 12. b4 b6 13. Bb2 Bb7 14. Rfd1 Qe7 15. Nd2 a5 16. Na4 axb4 17. axb4 Nd7 18. Bf5 Ngf8 19. b5 cxb5 20. Nc3 b4 21. Nb5 g6 22. Nxd6 Qxd6 23. Bd3 Ne6 24. Bb5 Ra5 25. Rxa5 bxa5 26. Qa4 Nb6 27. Bxe8 Nxa4 28. Bxa4 Bc6 29. Bc2 a4 30. Ra1 Qd7 31. Nf3 f6 32. Ne1 Bb5 33. Bc1 Qc6 34. Bd2 b3 35. Bb1 Qd6 36. Bc3 a3 37. Nd3 Bxd3 38. Bxd3 Qc6 39. Rc1 a2 0-1

[Event "Sielpia op"]
[Site "Sielpia"]
[Date "2010.08.10"]
[Round "7"]
[White "Zowada, Kazimierz"]
[Black "Kuspak, Aleksander"]
[Result "1-0"]
[WhiteElo "2169"]
[BlackElo "1832"]
[PlyCount "108"]
[EventDate "2010.08.04"]
[EventType "swiss"]
[EventRounds "9"]
[EventCountry "POL"]
[SourceTitle "EXT 2011"]
[Source "ChessBase"]
[SourceDate "2010.11.26"]
[SourceVersion "1"]
[SourceVersionDate "2010.11.26"]
[SourceQuality "1"]

1. d4 Nf6 2. Nf3 e6 3. Bg5 h6 4. Bxf6 Qxf6 5. e4 c5 6. c3 Nc6 7. d5 Ne5 8. Nbd2 Ng6 9. Nc4 e5 10. Qa4 a6 11. Ne3 Rb8 12. c4 Be7 13. Be2 0-0 14. Ng4 Qb6 15. Qc2 d6 16. Ne3 Qa5+ 17. Kf1 Nf4 18. Bd1 b5 19. h4 Qd8 20. g3 Nh5 21. cxb5 axb5 22. Be2 Nf6 23. Nd2 Ne8 24. Kg2 g6 25. b4 cxb4 26. Rhb1 f5 27. Rxb4 f4 28. Nef1 fxg3 29. fxg3 Bxh4 30. Nf3 Bg5 31. a4 Qd7 32. Nxg5 hxg5 33. Bxb5 Qh3+ 34. Kg1 Nf6 35. Qg2 g4 36. Rab1 Qh6 37. Qd2 Qh7 38. Qe3 Nh5 39. Be2 Rxb4 40. Rxb4 Qf7 41. a5 Kg7 42. a6 Qc7 43. Rb6 Nf6 44. Rc6 Qa5 45. Nd2 Nxd5 46. exd5 Qxd5 47. Rc7+ Rf7 48. Bc4 Qa5 49. Rxf7+ Kg8 50. Rc7+ d5 51. Rxc8+ Kg7 52. Qxe5+ Kf7 53. Qxd5+ Qxd5 54. Rc7+ Kf8 1-0

[Event "POL-chT 2nd League"]
[Site "Wysowa"]
[Date "2007.09.05"]
[Round "3"]
[White "Zowada, Kazimierz"]
[Black "Sobczak, Miroslaw"]
[Result "1-0"]
[WhiteElo "2181"]
[BlackElo "2088"]
[PlyCount "85"]
[EventDate "2007.09.03"]
[EventType "team-swiss"]
[EventRounds "9"]
[EventCountry "POL"]
[SourceTitle "EXT 2010"]
[Source "ChessBase"]
[SourceDate "2010.11.25"]
[SourceVersion "1"]
[SourceVersionDate "2010.11.25"]
[SourceQuality "1"]
[WhiteTeam "Jaworzno JKSz MCKiS"]
[BlackTeam "Gniezno LKS Chrobry"]
[WhiteTeamCountry "POL"]
[BlackTeamCountry "POL"]

1. d4 e6 2. c4 f5 3. g3 Nf6 4. Bg2 Be7 5. Nf3 0-0 6. 0-0 d6 7. b3 Qe8 8. Nbd2 Qh5 9. Bb2 c6 10. e3 g5 11. Ne1 Qg6 12. Qc2 d5 13. Ndf3 Nbd7 14. Rc1 Ne4 15. Nd3 g4 16. Nfe5 Nxe5 17. Nxe5 Qh5 18. f4 gxf3 19. Bxf3 Qh6 20. Rce1 Bg5 21. Qe2 Qg7 22. Ba3 Rf6 23. Bxe4 dxe4 24. Qh5 Bd7 25. Nxd7 Rh6 26. Qe2 Qxd7 27. Kh1 Qc7 28. Qg2 Kh8 29. d5 cxd5 30. cxd5 Qd7 31. dxe6 Qxe6 32. Qf2 Rd8 33. Bb2+ Kg8 34. Bd4 Bf6 35. Bxa7 b6 36. Qf4 Bg7 37. Rd1 Rf8 38. Bb8 Qc8 39. Be5 Qc2 40. h4 Rg6 41. Bxg7 Rxg7 42. Rd5 Rg4 43. Qxg4+ 1-0

[Event "POL-chT 2nd League"]
[Site "Lublin"]
[Date "2006.09.07"]
[Round "6.39"]
[White "Zowada, Kazimierz"]
[Black "Kaim, Piotr"]
[Result "1/2-1/2"]
[WhiteElo "2152"]
[BlackElo "2165"]
[PlyCount "78"]
[EventDate "2006.09.02"]
[EventType "team-swiss"]
[EventRounds "9"]
[EventCountry "POL"]
[SourceTitle "EXT 2019"]
[Source "ChessBase"]
[SourceDate "2018.10.10"]
[SourceVersion "1"]
[SourceVersionDate "2018.10.10"]
[SourceQuality "1"]
[WhiteTeam "Jaworzno JKSz MCKiS II"]
[BlackTeam "Warszawa YMCA"]
[WhiteTeamCountry "POL"]
[BlackTeamCountry "POL"]

1. d4 Nf6 2. Bg5 e6 3. e4 h6 4. Bxf6 Qxf6 5. Nf3 d5 6. Nbd2 Qd8 7. Bd3 Be7 8. Qe2 0-0 9. c3 c5 10. dxc5 Bxc5 11. Nb3 Bb6 12. 0-0-0 Nc6 13. h4 dxe4 14. Bxe4 Qf6 15. Kb1 e5 16. Rd2 Bf5 17. Nh2 Bxf2 18. Ng4 Bxg4 19. Qxg4 Be3 20. Rd7 Rad8 21. Rxb7 Rd6 22. Qe2 Bb6 23. h5 Nd8 24. Rb8 Ne6 25. Rxf8+ Kxf8 26. Qc4 Ng5 27. Bc2 Qd8 28. a4 Qc7 29. Qe2 e4 30. Re1 Re6 31. Qb5 Re5 32. Qf1 Kg8 33. Nd2 e3 34. Nc4 e2 35. Qf4 Re6 36. Qxc7 Bxc7 37. Bd3 Kf8 38. Rxe2 Rxe2 39. Bxe2 Ke7 1/2-1/2

[Event "POL-chT 2nd League"]
[Site "Lublin"]
[Date "2006.09.06"]
[Round "5.33"]
[White "Dlugosz, Jedrzej"]
[Black "Zowada, Kazimierz"]
[Result "1-0"]
[WhiteElo "2329"]
[BlackElo "2152"]
[PlyCount "77"]
[EventDate "2006.09.02"]
[EventType "team-swiss"]
[EventRounds "9"]
[EventCountry "POL"]
[SourceTitle "EXT 2019"]
[Source "ChessBase"]
[SourceDate "2018.10.10"]
[SourceVersion "1"]
[SourceVersionDate "2018.10.10"]
[SourceQuality "1"]
[WhiteTeam "Pruszcz Jantar"]
[BlackTeam "Jaworzno JKSz MCKiS II"]
[WhiteTeamCountry "POL"]
[BlackTeamCountry "POL"]

1. e4 g6 2. d4 Bg7 3. Nf3 d6 4. h3 c6 5. a4 Nf6 6. Nc3 0-0 7. Be3 e5 8. dxe5 dxe5 9. Qxd8 Rxd8 10. Bc4 Nbd7 11. Rd1 Re8 12. Ng5 Re7 13. 0-0 h6 14. Nf3 a5 15. Nd2 Ne8 16. Nb3 b6 17. Rd3 Nc7 18. Rd6 Ba6 19. Bxa6 Nxa6 20. Rxc6 Rb8 21. Rd1 Rb7 22. Nd5 Re6 23. Rxe6 fxe6 24. Nxb6 Nxb6 25. Rd6 Nxa4 26. Rxa6 Nxb2 27. Nxa5 Rc7 28. Rxe6 Nd1 29. Rc6 Rxc6 30. Nxc6 Nxe3 31. fxe3 Kf7 32. Kf2 Ke6 33. Ke2 Bf8 34. Kd3 Bc5 35. Kc4 Bxe3 36. Kb5 h5 37. c4 Kf6 38. c5 Kg5 39. Nxe5 1-0

[Event "Kochan Memorial op 17th"]
[Site "Koszalin"]
[Date "2006.08.05"]
[Round "2"]
[White "Krysztofiak, Marcin"]
[Black "Zowada, Kazimierz"]
[Result "1-0"]
[WhiteElo "2388"]
[BlackElo "2152"]
[PlyCount "69"]
[EventDate "2006.08.04"]
[EventType "swiss"]
[EventRounds "10"]
[EventCountry "POL"]
[SourceTitle "CBM 113 Extra"]
[Source "ChessBase"]
[SourceDate "2006.09.14"]
[SourceVersion "1"]
[SourceVersionDate "2006.09.14"]
[SourceQuality "1"]

1. d4 g6 2. e4 Bg7 3. Nc3 d6 4. f4 Nf6 5. Nf3 0-0 6. Bd3 c5 7. dxc5 dxc5 8. e5 Nd5 9. Nxd5 Qxd5 10. Qe2 Bf5 11. Bxf5 gxf5 12. c4 Qc6 13. 0-0 Na6 14. a3 e6 15. Be3 Rfd8 16. Bf2 h6 17. Bh4 Rd7 18. Rad1 Nb8 19. Rde1 Qc8 20. Qf2 b6 21. Re3 Nc6 22. Bf6 Ne7 23. Nh4 Ng6 24. g4 Rd4 25. gxf5 exf5 26. Qg2 Rb8 27. Nxg6 fxg6 28. Qxg6 Qf8 29. Rg3 Rb7 30. Qxf5 Rf7 31. Qg6 Rd6 32. Bxg7 Rxg6 33. Bxf8 Rxg3+ 34. hxg3 Kxf8 35. Rd1 1-0

[Event "POL-chT 2nd League"]
[Site "Wysowa"]
[Date "2005.08.29"]
[Round "3.59"]
[White "Zowada, Kazimierz"]
[Black "Halas, Przemyslaw"]
[Result "1-0"]
[WhiteElo "2179"]
[BlackElo "2098"]
[PlyCount "101"]
[EventDate "2005.08.27"]
[EventType "team-swiss"]
[EventRounds "9"]
[EventCountry "POL"]
[SourceTitle "EXT 2019"]
[Source "ChessBase"]
[SourceDate "2018.10.10"]
[SourceVersion "1"]
[SourceVersionDate "2018.10.10"]
[SourceQuality "1"]
[WhiteTeam "Jaworzno JKSz MCKiS II"]
[BlackTeam "Swiecie Gambit"]
[WhiteTeamCountry "POL"]
[BlackTeamCountry "POL"]

1. d4 Nf6 2. c4 e6 3. Nf3 b6 4. a3 Ba6 5. Nbd2 c5 6. e3 Be7 7. Qc2 0-0 8. Bd3 d5 9. dxc5 bxc5 10. 0-0 Nbd7 11. b3 h6 12. Bb2 Qc7 13. Rfd1 Rfd8 14. Nf1 Bb7 15. cxd5 Nxd5 16. Ng3 Rac8 17. Rac1 Qb6 18. Nd2 Bf6 19. Nc4 Qc7 20. Nh5 Bxb2 21. Qxb2 N7f6 22. Nxf6+ Nxf6 23. Qe5 Qc6 24. f3 Rd5 25. Qc3 Rcd8 26. e4 Rd4 27. Ne3 Qb6 28. Be2 Nh5 29. g3 Nf6 30. Nc4 Qc7 31. Rxd4 cxd4 32. Qa5 Qxa5 33. Nxa5 Rd7 34. Bb5 Re7 35. Kf2 e5 36. Ke2 Kf8 37. Rc5 Ne8 38. Bxe8 Kxe8 39. Nxb7 Rxb7 40. Rxe5+ Kd7 41. b4 Rc7 42. Rd5+ Ke6 43. Rc5 Rd7 44. Kd3 g5 45. f4 f6 46. b5 gxf4 47. gxf4 Rg7 48. Rc6+ Kd7 49. Rxf6 Rg1 50. Kxd4 Ra1 51. Ra6 1-0

[Event "POL-chT 2nd League"]
[Site "Wysowa"]
[Date "2005.08.28"]
[Round "2.23"]
[White "Maciaga, Marcin"]
[Black "Zowada, Kazimierz"]
[Result "1-0"]
[WhiteElo "2239"]
[BlackElo "2179"]
[PlyCount "113"]
[EventDate "2005.08.27"]
[EventType "team-swiss"]
[EventRounds "9"]
[EventCountry "POL"]
[SourceTitle "EXT 2019"]
[Source "ChessBase"]
[SourceDate "2018.10.10"]
[SourceVersion "1"]
[SourceVersionDate "2018.10.10"]
[SourceQuality "1"]
[WhiteTeam "Warszawa YMCA"]
[BlackTeam "Jaworzno JKSz MCKiS II"]
[WhiteTeamCountry "POL"]
[BlackTeamCountry "POL"]

1. e4 d6 2. d4 Nf6 3. Nc3 g6 4. g3 Bg7 5. Bg2 c6 6. Nge2 0-0 7. h3 e5 8. 0-0 Nbd7 9. a4 Qa5 10. Be3 Re8 11. g4 h5 12. gxh5 Nxh5 13. f4 exf4 14. Nxf4 Ng3 15. Re1 Nf6 16. Bf2 Qg5 17. Qf3 Ngh5 18. Nd3 Bd7 19. Be3 Qh4 20. e5 Nh7 21. Ne4 dxe5 22. Nd6 Re7 23. Bf2 Qg5 24. dxe5 Be6 25. c4 Nf8 26. Re4 Bf5 27. Bh4 Bxe4 28. Qxe4 Rxe5 29. Bxg5 Rxe4 30. Nxe4 Bd4+ 31. Kh2 Ne6 32. Bh4 Rc8 33. Bf2 Rd8 34. Rd1 Be5+ 35. Kg1 Nhf4 36. Bf1 f5 37. Nc3 Bxc3 38. bxc3 Ng5 39. Bd4 Nxd3 40. Rxd3 Ne4 41. Be5 Re8 42. Bf4 Nc5 43. Re3 Rxe3 44. Bxe3 Nxa4 45. Bxa7 Nxc3 46. Bd3 b5 47. Bd4 bxc4 48. Bxc4+ Nd5 49. Bxd5+ cxd5 50. h4 Kh7 51. Be3 Kg7 52. Bg5 Kf7 53. Kf2 d4 54. Ke2 Ke6 55. Bf4 Kd5 56. Kd3 Kc5 57. Be5 1-0

[Event "POL-chT 2nd League"]
[Site "Wysowa"]
[Date "2005.08.27"]
[Round "1.89"]
[White "Zowada, Kazimierz"]
[Black "Rajda, Krystian"]
[Result "1-0"]
[WhiteElo "2179"]
[BlackElo "1800"]
[PlyCount "73"]
[EventDate "2005.08.27"]
[EventType "team-swiss"]
[EventRounds "9"]
[EventCountry "POL"]
[SourceTitle "EXT 2019"]
[Source "ChessBase"]
[SourceDate "2018.10.10"]
[SourceVersion "1"]
[SourceVersionDate "2018.10.10"]
[SourceQuality "1"]
[WhiteTeam "Jaworzno JKSz MCKiS II"]
[BlackTeam "Chroscice LZS Victoria"]
[WhiteTeamCountry "POL"]
[BlackTeamCountry "POL"]

1. d4 d5 2. Nf3 Nf6 3. c4 e6 4. Nc3 Be7 5. Bg5 h6 6. Bh4 0-0 7. e3 Ne4 8. Bg3 Nxg3 9. hxg3 dxc4 10. Bxc4 c5 11. d5 exd5 12. Nxd5 Nc6 13. Qd2 Be6 14. 0-0 Bxd5 15. Bxd5 Qb6 16. Rfd1 Rad8 17. Qe2 Bf6 18. Rab1 Rfe8 19. Qc4 Na5 20. Qa4 a6 21. e4 Qc7 22. Qc2 Nc6 23. Qxc5 Re7 24. Rdc1 Rb8 25. b4 Qd7 26. Bxc6 bxc6 27. e5 Rb5 28. Qxc6 Qxc6 29. Rxc6 Bxe5 30. a4 Rb8 31. Nxe5 Rxe5 32. Rxa6 Kf8 33. b5 Ke8 34. Ra7 g5 35. b6 Re7 36. Rxe7+ Kxe7 37. a5 1-0